Biblioteca

The Johannine epistles (Registro nro. 46007)

Detalles MARC
000 -LÍDER
Campo fijo de descripción fija 01525cam a2200301 i 4500
001 - NÚMERO DE CONTROL
Campo de control 19645
003 - IDENTIFICADOR DEL NÚMERO DE CONTROL
Campo de control CO-MdBIC
005 - FECHA Y HORA DE LA ULTIMA TRANSACCIÓN
control field 20190511120501.0
008 - ELEMENTOS DE LONGITUD FIJA -- INFORMACIÓN GENERAL
Campo fijo de descripción fija -- Información general 190506s1946 enk||||g |||| 00| 0 eng d
040 ## - FUENTE DE CATALOGACIÓN
Agencia de catalogación original CO-MdFUSB
Idioma de catalogación spa
Agencia que realiza la transcripción CO-MdFUSB
Agencia que realiza la modificación CO-MdFUSBC
Convenciones de la descripción rda
041 ## - CÓDIGO DE IDIOMA
Código de idioma para texto/pista de sonido o título separado eng
082 ## - NÚMERO DE CLASIFICACIÓN DECIMAL DEWEY
Número de la edición del Dewey 24
Número de clasificación G 227.94
Clave de autor-Numero de item D639j
100 1# - ASIENTO PRINCIPAL--NOMBRE PERSONAL
Nombre personal Dodd, C. H.
Término relacionador autor
245 04 - TÍTULO
Título del Material The Johannine epistles
Mención de responsabilidad, etc. / C. H. Dodd
264 #1 - PRODUCCIÓN, PUBLICACIÓN, DISTRIBUCIÓN, MANUFACTURA, Y COPYRIGHT
Lugar de producción, publicación, distribución, manufactura London :
Nombre del productor, publicador, distribuidor Hodder and Stoughton,
Fecha de producción, publicación, distribución, manufactura, o copyright ℗1946
300 ## - DESCRIPCIÓN FÍSICA
Extensión lxxi, 168 páginas
Dimensiones ; 23 cm
336 ## - TIPO DE CONTENIDO
Fuente rdacontent
Término de tipo de contenido texto
Código de tipo de contenido txt
337 ## - TIPO DE MEDIO
Fuente rdamedia
Nombre del tipo de medio sin mediación
Código del tipo de medio n
338 ## - TIPO DE SOPORTE
Fuente rdacarrier
Nombre del tipo de soporte volumen
Código Tipo de soporte nc
490 ## - MENCIÓN DE SERIE
Mención de serie The Moffatt New Testament Commentary
505 0# - NOTA DE CONTENIDO
Nota de contenido con formato preestablecido Introducción a las epístolas de Juan -- Los antecedentes y escenario de la primera epístola -- Carácter y contenido de la primera epístola -- Relación de la primera epístola con el cuarto evangelio -- Carácter y contenido de la segunda y tercera epístola -- Problemas cruciales de la segunda y tercera epístolas -- Lugar, fecha y la paternidad literaria de las epístolas de Juan -- Comentario sobre la primera epístola de Juan -- ¿Qué es el cristianismo? -- Vida en la familia de Dios -- La certidumbre de la fe -- Comentario sobre la segunda epístola de Juan -- Comentario sobre la tercera epístola de Juan.
563 ## - NOTA DE ENCUADERNACIÓN
Nota de encuadernación Pasta dura
630 07 - TITULO UNIFORME
Título uniforme Biblia.
Nombre de parte o sección de la obra Juan, 1ª
Subdivisión de forma Comentarios.
630 07 - TITULO UNIFORME
Título uniforme Biblia.
Nombre de parte o sección de la obra Juan, 2ª
Subdivisión de forma Comentarios.
630 07 - TITULO UNIFORME
Título uniforme Biblia.
Nombre de parte o sección de la obra Juan, 3ª
Subdivisión de forma Comentarios.
942 ## - TIPO DE MATERIAL (KOHA)
Tipo de Item KOHA Libros General
Existencias
Estado de Material Estado de Perdido Forma de Clasificación Estado de Dañado No para Préstamo Colección Tomo Biblioteca de Origen Biblioteca Permanente Fecha de Adquisición Total de Préstamos Signatura Topográfica Código de Barras Última vez visto Ejemplar/Existencia Fecha de Remplazo Tipo de Material
    Dewey Decimal Classification     Colección General   Biblioteca FUSBC Biblioteca FUSBC 05/05/2015   G 227.94 D639j 19713 12/12/2019 Ej. 1 26/01/2016 Libros General

Biblioteca FUSBC | Teléfono: (57+4) 349 88 10 Ext. 141| WhatsApp (+57) 3005338115 
E-mail: biblioteca@unisbc.edu.co | Calle 76 87-14 Robledo Palenque, Medellín, Colombia

Con tecnología Koha